| 000 | 00436nam a2200181Ia 4500 | ||
|---|---|---|---|
| 003 | LK-CoDNM | ||
| 008 | 010623t1937 xxu||||| |||| 00| 1 eng d | ||
| 040 |
_aLK-CoDNM _dLK-CoDNM _eLK-CoDNM |
||
| 041 | _aeng | ||
| 080 | _a22 P 28 | ||
| 100 | _aLaw,Bimala Churn | ||
| 245 | _aMahavira:His life Teachings | ||
| 260 |
_bLuzac Company _aLondon _c1937 |
||
| 300 | _b113P., 18 cm | ||
| 650 | _aLife | ||
| 650 | _aTeachings | ||
| 942 | _cBK | ||
| 999 |
_c98450 _d98450 |
||